000 00385nam a22001457a 4500
008 230405b |||||||| |||| 00| 0 eng d
020 _a978-0-241-61945-2
082 _a909
100 _aYuval Noah Harari
245 _aUnstoppable Us: Volume l
_bHow humans took over the world
260 _bPuffin,
_c2022
300 _a185 p.
_c23 cm
942 _2ddc
999 _c9462
_d9463